000 00393nam a2200181Ia 4500
999 _c19238
_d19238
003 0100
005 20170428113104.0
008 130303s9999 xx 000 0 und d
040 _cARRUPELIB
050 _aDT450.435.W35 1993
100 _aWaller, David
_930162
245 _aRwanda which way now?
260 _bOxfam
_aUK and Ireland
_c1993
300 _a64p.
300 _b 28cm.
650 _aRwanda
_xPolitics
_930142
650 _aRwanda
_xEconomic conditions
_930163
942 0 0 _02
_2lcc
_cMONOGRAPH